00864cam a22002297a 4500003000500000005001700005008004100022010001000063011001000073035001000083040000900093100003600102245018100138260004100319300004000360502010900400650002600509650002700535650002700562650002000589650002500609CHAP20220329142010.0981208d1998 mx a r 00110 spa d a76832 a77804 a87492 cCHAP00aCruz Hernández, Miguel Angel.10aArreglos topológicos en frijol (Phaseolus vulgaris L.) y su efecto en el rendimiento, plagas, enfermedades y maleza, en Chapingo, Méxicoc/por Miguel Angel Cruz Hernández aChapingo, Méx. :bEl autor,c1998. a59 h. :bilus. ; cuadros ; gráfs. aTesis (Ing. Agr. Esp. en Parasitología Agrícola) -- UACH. Departamento de Parasitología Agrícola14aFrijolxEnfermedades.14aFrijolxEspaciamiento.14aFrijolxMalas hierbas.14aFrijolxPlagas.14aFrijolxRendimiento.